<?xml version="1.0" encoding="UTF-8"?>
<collection xmlns="http://www.loc.gov/MARC21/slim">
  <record>
    <leader>00000nam  2200000   4500</leader>
    <controlfield tag="001">INLIS000000000010673</controlfield>
    <controlfield tag="005">20211209021357</controlfield>
    <datafield tag="035" ind1="#" ind2="#">
      <subfield code="a">0010-0521000186</subfield>
    </datafield>
    <controlfield tag="007">ta</controlfield>
    <controlfield tag="008">211209################|##########|#|##</controlfield>
    <datafield tag="082" ind1="#" ind2="#">
      <subfield code="a">R 19</subfield>
    </datafield>
    <datafield tag="084" ind1="#" ind2="#">
      <subfield code="a">R 19 LATSAR 2020</subfield>
    </datafield>
    <datafield tag="100" ind1=" " ind2="#">
      <subfield code="a">Suwandi</subfield>
    </datafield>
    <datafield tag="245" ind1="1" ind2="#">
      <subfield code="a">Penyusunan Rancangan Standar Operasional Prosedur (SOP) Pelaporan IKU Renstra Dan PTNBH Program Studi Ke Sekolah Vokasi /</subfield>
      <subfield code="c">Suwandi</subfield>
    </datafield>
    <datafield tag="250" ind1="#" ind2="#">
      <subfield code="a">ed.1</subfield>
    </datafield>
    <datafield tag="260" ind1="#" ind2="#">
      <subfield code="a">Jakarta ; :</subfield>
      <subfield code="b">Pusbang Kader ASN  LAN,</subfield>
      <subfield code="c">2020;</subfield>
    </datafield>
    <datafield tag="300" ind1="#" ind2="#">
      <subfield code="a">38 Hlm :</subfield>
      <subfield code="b">Ilus. ;</subfield>
      <subfield code="c">30 cm</subfield>
    </datafield>
    <datafield tag="650" ind1="#" ind2="#">
      <subfield code="a">SOP Pelaporan</subfield>
    </datafield>
    <datafield tag="856" ind1="#" ind2="#">
      <subfield code="a">Perpustakaan  Lembaga Administrasi Negara RI;</subfield>
    </datafield>
    <datafield tag="990" ind1="#" ind2="#">
      <subfield code="a">2104019</subfield>
    </datafield>
    <datafield tag="990" ind1="#" ind2="#">
      <subfield code="a">2104019</subfield>
    </datafield>
  </record>
</collection>
